Obchodný register je súčasťou obchodných vzťahov

Funkcia a údaje v Obchodnom registri. Náležitosti zápisu do OR. Nazeranie a vyhotovovanie odpisov z obchodného registra.

Salvato in:
Dettagli Bibliografici
Autore principale: Hutník, M.
Natura: Capitolo di libro
Lingua:slovacco
Soggetti:
Tags: Aggiungi Tag
Nessun Tag, puoi essere il primo ad aggiungerne!!

MARC

LEADER 00000naa a2200000 4500
001 r022756
005 20251104123816.8
041 0 |a slo 
044 |a SK 
245 1 0 |a Obchodný register je súčasťou obchodných vzťahov  |c M. Hutník 
520 |a Funkcia a údaje v Obchodnom registri. Náležitosti zápisu do OR. Nazeranie a vyhotovovanie odpisov z obchodného registra. 
610 2 0 |a podnikanie obchodné 
610 2 0 |a právo obchodné 
610 2 0 |a register obchodný 
100 1 |a Hutník, M.